Miradas en la diversidad : cuadernillo para docentes /
Guardado en:
| Autor Principal: | |
|---|---|
| Formato: | Libro |
| Publicado: |
Bahía Blanca :
Ediciones del Ceiso,
2017
|
| Materias: | |
| Etiquetas: |
Agregar Etiqueta
Sin Etiquetas, Sea el primero en etiquetar este registro!
|
| LEADER | 01618nam a22002775a 4500 | ||
|---|---|---|---|
| 001 | CEM.cems014812 | ||
| 008 | 130507s2017##################000#0#####d | ||
| 005 | 20220408105822.0 | ||
| 003 | CEMS | ||
| 245 | 1 | 0 | |a Miradas en la diversidad : |b cuadernillo para docentes / |c Natalia Boffa ... y Otros; compilado Por Natalia Boffa; dirigido Por María Mercedes González Coll |
| 260 | |a Bahía Blanca : |b Ediciones del Ceiso, |c 2017 | ||
| 300 | |a 295 p. + CD-DVD | ||
| 500 | |a Incluye un Cd-dvd con contenidos digitales | ||
| 505 | 0 | |a Algunas referencias históticas -- América como invento de la modernidad -- Indígenas, orden y progreso -- Una historia reciene y la situación actual -- Las reivindicaciones en el ámbito rural -- Las reivindicaciones en el ámbito urbano -- El territorio y la naturaleza -- Territorio y la naturaleza -- Territorio y territorialidades -- La concepción ontológica de la naturaleza __ La cultura en sus diferentes aspectos -- ¿Qué es la cultura? -- De diversidad y desigualdad -- La identidad vs identificaciones -- Interculturalidad y Educación -- Carpeta de recursos | |
| 020 | |a 9789872821241 | ||
| 100 | 1 | |a Boffa, Natalia | |
| 082 | 0 | 4 | |a 370.19 |
| 653 | |a Bertoni, belén | ||
| 653 | |a Becher, pablo | ||
| 653 | |a Becher, melisa | ||
| 653 | |a Villanueva, pilmayquén -- luna chima, matías | ||
| 653 | |a Luna chima, renzo | ||
| 653 | |a González coll, maría mercedes | ||
| 859 | |a CEMS |b BIB. CEMS - 11 de abril |h 370.19 |i B673 |p 27397.17 |t Ej.1 | ||
| 859 | |a CEMS |b BIB. CEMS - 11 de abril |h 370.19 |i B673 |p 27398.17 |t Ej.2 | ||
| 859 | |a CEMS |b BIB. CEMS - 11 de abril |h 370.19 |i B673 |p 29285.22 |t Ej.3 | ||
